00968nam a2200265 a 450000100060000000300080000600500170001400800410003102000160007203500190008804000320010704100080013908200290014710000260017624500970020226000420029930000270034150000200036850400560038852000720044465000590051665000480057565000340062365100450065745315BD-RjUL20211209054009.0160725s1991 ii b 001 0 eng  a8170240673  a(BD-RjUL)45433 aDLCcDLCdDLCdBD-RjULbeng aeng 223a297.195414bLAB 19911 aLahiri, Pradip Kumar.10aBengali Muslim thought, 1818-1947 :bits liberal and rational trends /cPradip Kumar Lahiri. aCalcutta :bK.P. Bagchi & Co.,c1991. axiii, 189 p. ;c23 cm. aIncludes index. aIncludes bibliographical references (p. [169]-179). aStudy of the political thought process of the Bengali Muslim elite. 0aBengali (South Asian people)xPolitics and government. 0aMuslimsxPolitical activityzIndiazBengal. 0aIntellectualszIndiazBengal. 0aBengal (India)xPolitics and government.